000 01081nam a2200205Ia 4500
003 Ost
005 20260507075622.0
008 260507s9999||||xx |||||||||||||| ||und||
020 _a9789931781302
040 _cfsecg
041 _aara
082 _a338.961
100 _aخنوش، محمد
_eمؤلف
245 0 _aمعوقات التنمية في أفريقيا /
_c محمد خنوش
260 _aالجزائر:
_bالنشر الجامعي الجديد,
_c2020
300 _a183 صفحة؛
_bإيضاحات ؛
_c24 سم
520 _aتناول الكتاب معوقات بناء الدولة في افريقيا، حيث تحدث عن التأصيل النظري والمنهجي للتنمية وعن معوقات أنماط انتقال السلطة في أفريقيا، بالاضافة الى الأقليات والجماعات الإثنية والفقر في أفريقيا، ومعوقات اكتساب العلم والتكنولوجيا والتنمية البيئية في أفريقيا.
653 _aالتنمية - إفريقيا
942 _cكتاب
999 _c45148
_d45148